• 首页
  • 本馆介绍
  • 公告通知
  • 最新文献
  • 馆藏检索
  • 电子资源
  • 读者导购
  • 参考咨询
  • 我的图书馆
  • 登录
  • 详细信息显示
  • 放入我的书架
  • 预约/预借图书
  • 作者相关作品
  • 分类相关作品
  • 丛书相关作品
  • 出版社相关作品

书目信息

  • 表格格式
  • 工作单格式
  • 卡片格式
题名:
半导体硅材料基础
    
 
作者: 尹建华 , 李志伟 主编
分册:  
出版信息: 北京   化学工业出版社  2011.11
页数: 158页
开本: 26cm
丛书名: 太阳能光伏产业 —— 硅材料系列教材
单 册:
中图分类: TN304.1
科图分类:
主题词: 硅--gui--半导体材料--教材
电子资源:
ISBN: 978-7-122-12727-3
000 01091nam 2200301 45
001 012001000213
005 20191107171639.68
010    @a978-7-122-12727-3@dCNY29.00
099    @aCAL 012012009721
100    @a20120120d2012 em y0chiy50 ea
101 0  @achi
102    @aCN@b110000
105    @aak a 000yy
106    @ar
200 1  @a半导体硅材料基础@Aban dao ti gui cai liao ji chu@f尹建华, 李志伟主编
205    @a第2版
210    @a北京@c化学工业出版社@d2011.11
215    @a158页@c图@d26cm
225 2  @a太阳能光伏产业 —— 硅材料系列教材@Atai yang neng guang fu chan ye —— gui cai liao xi lie jiao cai
320    @a有书目
330    @a本书全面讲述了有关硅材料的基本知识。内容包括硅材料的发展史与当前的市场状况 ; 半导体材料的基本性质 ; 晶体结构及其结构缺陷 ; 能带理论的基本知识等。
410  0 @12001@@a太阳能光伏产业 —— 硅材料系列教材
606 0  @a硅@Agui@x半导体材料@j教材
690    @aTN304.1@v4
701  0 @a尹建华@Ayin jian hua@4主编
701  0 @a李志伟@Ali zhi wei@4主编
801  0 @aCN@b北京卓展文化@c20191020
905    @b1195683-6@dTN304.1@e73=2@f4
    
    半导体硅材料基础/尹建华, 李志伟主编.-第2版.-北京:化学工业出版社,2011.11
    158页:图;26cm.-(太阳能光伏产业 —— 硅材料系列教材)
    
    
    ISBN 978-7-122-12727-3:CNY29.00
    本书全面讲述了有关硅材料的基本知识。内容包括硅材料的发展史与当前的市场状况 ; 半导体材料的基本性质 ; 晶体结构及其结构缺陷 ; 能带理论的基本知识等。
●
相关链接 在E读中查询图书 在五车中查询图书 在当当中查询图书 在豆瓣中查询图书


正题名:半导体硅材料基础     索取号:TN304.1/73=2         预约/预借

序号 登录号 条形码 馆藏地/架位号 状态 备注
1 1195683   211956837   第二样本阅览室/ [索取号:TN304.1/73=2] 在馆    
2 1195684   211956846   第三借阅区/ [索取号:TN304.1/73=2] 在馆    
3 1195685   211956855   第三借阅区/ [索取号:TN304.1/73=2] 在馆    
4 1195686   211956864   第三借阅区/ [索取号:TN304.1/73=2] 在馆    
唐山师范学院图书馆 欢迎您!
大连网信软件有限公司© 版权所有